000 01705cam a22004694i 4500
003 PE-LiUPU
005 20250731173132.0
008 150623s r 000 0 d
020 _a0851115152
035 _a(Sirsi) i9780851115153
040 _aPE-LiUPU
_bspa
_cPE-LiUPU
_erda
049 _aPRUA
082 0 4 _a222.150 6
_bM58
_221
100 1 _aMillar, J. Gary,
_eautor.
245 1 0 _aNow choose life :
_btheology and ethics in Deuteronomy /
_cJ. Gary Millar.
264 1 _aLeicester, England :
_bApollos,
_c1998.
300 _a216 páginas ;
_c21 centímetros
336 _atext
_2rdacontent
337 _aunmediated
_2rdamedia
338 _avolume
_2rdacarrier
490 0 _aNew Studies in Biblical Theology ;
_v6
505 0 _aOld Testament ethics and Deuteronomy. Ethics and covenant. Ethics and journey. Ethics and law. Ethics and the nations. Ethics and human nature. Conclusion: Theology and ethics in Deuteronomy.
526 _aSEG42
526 _aSEG41
526 _aSEG40
526 _aSEG39
526 _aP94
526 _aP87
526 _aP86
526 _aP85
526 _aP77
526 _aP76
526 _aP35
630 _aBiblia.
_pA.T.
_pDeuteronomio
_xComentarios.
650 0 4 _aEtica en la Biblia.
942 _2ddc
_cBOOK
949 _a222.150 6 M58
_wDEWEY
_c1
_i51957
_lCCODEBUL1
_mBUL
_p13.00
_r0
_sY
_tBOOK
_u2015-6-24
_xTEOLOGIA
_PP35
_0COMPRA
_o.STAFF. Colección General
994 _aC0
_bPEPRU
596 _a1
999 _a222.150 6 M58
_wDEWEY
_c33704
_i51957
_f2021-11-9
_g5
_lCCODEBUL1
_mBUL
_p13.00
_r0
_sY
_tBOOK
_u2015-6-24
_xTEOLOGIA
_PP35
_0COMPRA
_o.STAFF. Colección General
_d33704
980 _81
_gALBERTO SANCHEZ Responsable de Automatización